Every "Outstanding TV Series" Primetime Emmy Nominee Since 2000 - Statistics

General Stats
  • This quiz has been taken 158 times
  • The average score is 40 of 120
Answer Stats
Category Nominated or winner in Answer % Correct
Drama 2009, 2010, 2012, 2013, 2014 Breaking Bad
84%
Drama 2011, 2012, 2013, 2014, 2015, 2016, 2018, 2019 Game of Thrones
84%
Drama 2000, 2001, 2003, 2004, 2006, 2007 The Sopranos
78%
Comedy 2000, 2002, 2003 Friends
75%
Drama 2006, 2007, 2008, 2009 House
70%
Comedy 2006, 2007, 2008, 2009, 2010, 2011 The Office
67%
Drama 2000, 2001 ER
61%
Drama 2006, 2007 Grey's Anatomy
61%
Drama 2008, 2009, 2010, 2011, 2012, 2013, 2014, 2015 Mad Men
61%
Comedy 2010, 2011, 2012, 2013, 2014, 2015, 2016, 2017 Modern Family
61%
Comedy 2011, 2012, 2013, 2014 The Big Bang Theory
61%
Comedy 2012, 2013, 2014, 2015, 2016, 2017, 2019 Veep
61%
Drama 2005, 2008, 2009, 2010 Lost
59%
Drama 2015, 2016, 2017, 2019, 2020, 2022, 2023 Better Call Saul
58%
Comedy 2011, 2015 Parks and Recreation
58%
Comedy 2000, 2001, 2002, 2003, 2004 Sex and the City
58%
Drama 2019, 2020, 2022, 2023 Succession
58%
Drama 2000, 2001, 2002, 2003, 2004, 2005, 2006 The West Wing
58%
Drama 2013, 2014, 2015, 2016, 2017 House of Cards
56%
Comedy 2023, 2024 The Bear
53%
Drama 2000, 2001, 2002 Law & Order
52%
Drama 2017, 2018, 2020, 2022 Stranger Things
52%
Comedy 2002, 2003, 2004, 2006, 2008, 2010, 2012, 2018, 2020, 2022, 2024 Curb Your Enthusiasm
50%
Comedy 2007, 2008, 2009, 2010, 2011, 2012, 2013 30 Rock
48%
Comedy 2000, 2001 Frasier
48%
Drama 2002, 2003, 2005 Six Feet Under
48%
Drama 2015 Orange Is the New Black
47%
Comedy 2014 Orange Is the New Black
47%
Comedy 2009 How I Met Your Mother
45%
Comedy 2004, 2005, 2006 Arrested Development
44%
Drama 2008, 2009, 2010, 2011 Dexter
44%
Comedy 2021, 2022, 2023 Ted Lasso
44%
Drama 2023 The White Lotus
44%
Drama 2017, 2018 Westworld
44%
Comedy 2000, 2001, 2002, 2003, 2004, 2005 Will & Grace
44%
Comedy 2022, 2023, 2024 Abbott Elementary
42%
Drama 2017, 2018, 2020, 2021, 2023, 2024 The Crown
42%
Comedy 2000, 2001, 2002, 2003, 2004, 2005 Everybody Loves Raymond
41%
Comedy 2021, 2022, 2024 Hacks
41%
Drama 2012, 2013, 2015, 2016 Homeland
41%
Comedy 2005 Desperate Housewives
38%
Comedy 2009 Family Guy
36%
Comedy 2019, 2020 Schitt's Creek
36%
Comedy 2005, 2006 Scrubs
36%
Drama 2022 Severance
36%
Drama 2022 Squid Game
36%
Comedy 2019, 2020 The Good Place
36%
Drama 2023 The Last of Us
36%
Comedy 2006, 2007, 2008 Two and a Half Men
36%
Drama 2012, 2013, 2014, 2015, 2016 Downton Abbey
34%
Comedy 2019 Fleabag
34%
Drama 2023 House of the Dragon
34%
Comedy 2022, 2023, 2024 Only Murders in the Building
34%
Comedy 2018, 2019, 2022, 2023 Barry
33%
Comedy 2001 Malcolm in the Middle
33%
Drama 2014 True Detective
33%
Drama 2002, 2003, 2004, 2005, 2006 24
31%
Drama 2007, 2008 Boston Legal
31%
Drama 2024 Shōgun
31%
Drama 2021 Bridgerton
30%
Comedy 2010, 2011 Glee
30%
Drama 2019, 2020, 2022 Ozark
30%
Drama 2016, 2018 The Americans
30%
Comedy 2018, 2019, 2020, 2022, 2023 The Marvelous Mrs. Maisel
30%
Drama 2000, 2001 The Practice
30%
Comedy 2017, 2018 Atlanta
28%
Drama 2011, 2012 Boardwalk Empire
28%
Drama 2005 Deadwood
28%
Comedy 2012, 2013 Girls
28%
Comedy 2010 Nurse Jackie
28%
Drama 2017, 2018, 2020, 2021 The Handmaid's Tale
28%
Comedy 2015, 2016, 2017, 2018 Unbreakable Kimmy Schmidt
28%
Drama 2021 The Boys
27%
Drama 2010, 2011 The Good Wife
27%
Drama 2017, 2018, 2019, 2021 This Is Us
27%
Drama 2020, 2021 The Mandalorian
25%
Drama 2024 The Morning Show
25%
Comedy 2007 Ugly Betty
25%
Comedy 2020, 2022, 2024 What We Do in the Shadows
25%
Comedy 2016, 2017, 2018, 2021 Black-ish
23%
Drama 2024 Fallout
23%
Drama 2011 Friday Night Lights
23%
Drama 2022 Yellowjackets
23%
Comedy 2020, 2021 The Kominsky Method
22%
Drama 2016 Mr. Robot
20%
Drama 2024 Slow Horses
20%
Drama 2010 True Blood
20%
Comedy 2023 Wednesday
20%
Comedy 2009 Weeds
20%
Comedy 2020 Insecure
19%
Comedy 2013, 2014, 2015 Louie
19%
Drama 2008, 2009 Damages
17%
Comedy 2007, 2008, 2009 Entourage
17%
Drama 2019, 2020 Killing Eve
17%
Comedy 2014, 2015, 2016, 2017, 2018 Silicon Valley
17%
Drama 2024 The Gilded Age
17%
Comedy 2015, 2016 Transparent
17%
Drama 2022 Euphoria
16%
Drama 2019, 2021 Pose
16%
Drama 2023 Andor
14%
Comedy 2020 Dead to Me
14%
Comedy 2021 Emily in Paris
14%
Drama 2007 Heroes
14%
Comedy 2016, 2017 Master of None
14%
Comedy 2024 Reservation Dogs
14%
Drama 2002, 2003, 2004 CSI: Crime Scene Investigation
13%
Comedy 2018 GLOW
13%
Drama 2024 Mr. & Mrs. Smith
13%
Comedy 2021 The Flight Attendant
13%
Drama 2024 3 Body Problem
11%
Drama 2009 Big Love
11%
Drama 2021 Lovecraft Country
11%
Comedy 2021 Cobra Kai
9%
Comedy 2024 Palm Royale
9%
Comedy 2021 PEN15
9%
Comedy 2019 Russian Doll
9%
Drama 2019 Bodyguard
8%
Drama 2004 Joan of Arcadia
8%
Comedy 2023 Jury Duty
8%
Comedy 2009 Flight of the Conchords
5%
No matching quizzes found
Score Distribution
Percent of People with Each Score
Percentile by Number Answered
Your Score History
You have not taken this quiz